000 00472nam a2200181Ia 4500
008 240925s9999 xx 000 0 und d
020 _a9789350142585
082 _a621.31 GUP
100 _aGupta, J. B.
245 0 _aUtilization of Electric Power and Electric Traction
250 _aNA
260 _aNew Delhi:
_bKatson Books
_c,2013.
300 _a640p.
_bN.A
_fNA
500 _aIncludes Index
600 _aPower Engineering
650 _aTechnology
942 _cBK
999 _c13350
_d13350